000 01153nam a2200325Ia 4500
003 GCL
008 140319s9999 xx 000 0 ara d
020 _a4790291977
040 _aGCL /
_cGCL
082 0 4 _a375.001
_bم م
100 1 _aماهر اسماعيل صبرى
245 1 0 _aالمناهج ومنظومة التعليم /
_cماهر اسماعيل صبرى
250 _aالاولى
260 _aالقاهرة :
_bسلسلة الكتاب الجامعى العربى ،
_c2006
300 _a425 ص ؛
_c24 سم
490 _aسلسلة الكتاب الجامعى العربى
_v1
650 0 4 _aالتخطيط التربوى
650 0 4 _aالتعليم الدينى
650 0 4 _aالتدريس
650 0 4 _aالتعليم - مناهج
650 0 4 _aالتعليم - اغراضه واهدافه
650 0 4 _aالتعليم - طرق تدريس
650 0 4 _aالمناهج - تخطيط
650 0 4 _aالطلبة - نشاط
650 0 4 _aالمدارس - مناهج
650 0 4 _aالمناهج - تقييم
650 0 4 _aالمناهج - تطوير
650 0 4 _aالانشطة المدرسية
942 _2ddc
_cBK
999 _c9628
_d9628